000 00346nam a2200133Ia 4500
008 240624s9999 xx 000 0 und d
041 _aeng
082 _a823 BAL
100 _aBALDACCI DAVID
245 _aTARGET WHEN REVENGE GETS PERSONAL THE ST
260 _c2014
_aNew Delhi
_bPan Macmillan
300 _a577 : p. : cm. ; 19
365 _cRS
_b30
999 _c26615
_d26615